Základní MARC

Záznam Personal Name

Počet záznamů používajících tuto autoritu: 1

001 - CONTROL NUMBER

  • control field: 20659

003 - CONTROL NUMBER IDENTIFIER

  • control field: ABG508

005 - DATE AND TIME OF LATEST TRANSACTION

  • control field: 20260417091652.0

008 - FIXED-LENGTH DATA ELEMENTS

  • fixed length control field: 260417|| aca||aabn | a|a d

040 ## - CATALOGING SOURCE

  • Original cataloging agency: ABG508
  • Transcribing agency: ABG508

100 ## - HEADING--PERSONAL NAME

  • Personal name: Březinová, Zdeňka

670 ## - SOURCE DATA FOUND

  • Source citation: Work cat.: (ABG508)34182: Rosenthal, Rena aut 16049, Dvorní zahradnice. Letní záře /

Používáme knihovní systém Koha